|
|
|
|
| LEADER |
03058nam a2200529 4500 |
| 001 |
978-3-540-44916-4 |
| 003 |
DE-He213 |
| 005 |
20191028011951.0 |
| 007 |
cr nn 008mamaa |
| 008 |
121227s2003 gw | s |||| 0|eng d |
| 020 |
|
|
|a 9783540449164
|9 978-3-540-44916-4
|
| 024 |
7 |
|
|a 10.1007/b13589
|2 doi
|
| 040 |
|
|
|d GrThAP
|
| 050 |
|
4 |
|a QC770-798
|
| 072 |
|
7 |
|a PHP
|2 bicssc
|
| 072 |
|
7 |
|a SCI051000
|2 bisacsh
|
| 072 |
|
7 |
|a PHP
|2 thema
|
| 082 |
0 |
4 |
|a 539.7
|2 23
|
| 100 |
1 |
|
|a Kleinknecht, Konrad.
|e author.
|4 aut
|4 http://id.loc.gov/vocabulary/relators/aut
|
| 245 |
1 |
0 |
|a Uncovering CP Violation
|h [electronic resource] :
|b Experimental Clarification in the Neutral K Meson and B Meson Systems /
|c by Konrad Kleinknecht.
|
| 250 |
|
|
|a 1st ed. 2003.
|
| 264 |
|
1 |
|a Berlin, Heidelberg :
|b Springer Berlin Heidelberg :
|b Imprint: Springer,
|c 2003.
|
| 300 |
|
|
|a XI, 144 p.
|b online resource.
|
| 336 |
|
|
|a text
|b txt
|2 rdacontent
|
| 337 |
|
|
|a computer
|b c
|2 rdamedia
|
| 338 |
|
|
|a online resource
|b cr
|2 rdacarrier
|
| 347 |
|
|
|a text file
|b PDF
|2 rda
|
| 490 |
1 |
|
|a Springer Tracts in Modern Physics,
|x 0081-3869 ;
|v 195
|
| 505 |
0 |
|
|a Introduction -- Symmetries -- Mixing and Decay of Neutral Mesons -- Models of CP Violation -- The Neutral K Meson System -- The Neutral B Meson System -- Weak Quark Mixing and the CKM Matrix -- Conclusion.
|
| 520 |
|
|
|a Uncovering CP Violation deals with one of the crucial ingredients necessary to create the observed matter-antimatter asymmetry of the universe. There is one force in nature which acts differently on matter and antimatter. This phenomenon was discovered in decays of neutral K mesons in 1964. In a long series of ever refined experiments between 1964 and 2001, it was shown that this force emerges as a part of the weak interaction between quarks ("direct CP violation"). It is due to flavor mixing of three quark families. This picture was confirmed by experiments on neutral B mesons, which also demonstrated CP violation in 2001. The book describes the experiments that uncovered the nature of CP violation and the phenomenology describing CP violation.
|
| 650 |
|
0 |
|a Nuclear physics.
|
| 650 |
|
0 |
|a Elementary particles (Physics).
|
| 650 |
|
0 |
|a Quantum field theory.
|
| 650 |
|
0 |
|a Quantum physics.
|
| 650 |
1 |
4 |
|a Particle and Nuclear Physics.
|0 http://scigraph.springernature.com/things/product-market-codes/P23002
|
| 650 |
2 |
4 |
|a Elementary Particles, Quantum Field Theory.
|0 http://scigraph.springernature.com/things/product-market-codes/P23029
|
| 650 |
2 |
4 |
|a Quantum Physics.
|0 http://scigraph.springernature.com/things/product-market-codes/P19080
|
| 710 |
2 |
|
|a SpringerLink (Online service)
|
| 773 |
0 |
|
|t Springer eBooks
|
| 776 |
0 |
8 |
|i Printed edition:
|z 9783642073144
|
| 776 |
0 |
8 |
|i Printed edition:
|z 9783540403333
|
| 776 |
0 |
8 |
|i Printed edition:
|z 9783662145982
|
| 830 |
|
0 |
|a Springer Tracts in Modern Physics,
|x 0081-3869 ;
|v 195
|
| 856 |
4 |
0 |
|u https://doi.org/10.1007/b13589
|z Full Text via HEAL-Link
|
| 912 |
|
|
|a ZDB-2-PHA
|
| 912 |
|
|
|a ZDB-2-BAE
|
| 950 |
|
|
|a Physics and Astronomy (Springer-11651)
|